La cartographie

Guardado en:
Detalles Bibliográficos
Autor principal: Libault, André (Autor)
Formato: Libro
Lenguaje:francés
Publicado: París Presses Universitaires de France 1962
Edición:1a. ed
Colección:Que Sais-Je?, Le Point Des Connaissances Actuelles; 937
Materias:
Etiquetas: Agregar Etiqueta
Sin Etiquetas, Sea el primero en etiquetar este registro!

MARC

LEADER 00000nam a2200000 a 4500
001 UCL8625
003 CL-VaPUC
008 040702e19620000FR |||||||||||||||||fre|d
082 0 4 |a 526  |b LIB  |2 21 
100 0 |a Libault, André  |e author  |9 486551 
245 1 3 |a La cartographie  
250 |a 1a. ed 
300 |a 127 p 
942 |c BK 
945 |d 20040702 00:00:00  |a cmena 
260 |a París  |b Presses Universitaires de France  |c 1962 
650 0 |a Cartografía   |9 266055 
583 |a last modification  |c 20040702 00:00:00  |k Rodrigo Vera 
490 0 |a Que Sais-Je?, Le Point Des Connaissances Actuelles; 937 
999 |c 309827  |d 309825 
952 |0 0  |1 0  |4 0  |6 526_000000000000000_LIB_1962  |7 0  |8 A  |9 377589  |a BIBING  |b BIBING  |d 2019-11-21  |i 4030680  |o 526 LIB 1962  |p 4030680  |r 2025-01-20  |w 2019-11-21  |y BK  |k GEO